| 000 | 00682nam a2200253 i 4500 | ||
|---|---|---|---|
| 001 | bg | ||
| 100 | 1 | _aNEYMANN, Monika | |
| 245 | 1 | 0 |
_aMarketing in English / _cMonika Neymann, Tom Ruhan. |
| 250 | _aWyd. 2. | ||
| 260 |
_aWarszawa : _bPoltext, _c1997. |
||
| 300 |
_a188, [1] s. : _b1 rys. ; _c21 cm + _ekaseta dźw. |
||
| 500 | _aTekst częśc. w jęz. pol. | ||
| 650 | 9 |
_aMarketing _xsłownictwo |
|
| 650 | 9 | _aJęzyk angielski | |
| 655 | _aPodręczniki | ||
| 700 | 1 | _aRUHAN, Tom | |
| 020 | _a8385366296 | ||
| 040 | _cBPK | ||
| 041 | 0 | _aenpl | |
| 080 | _a339.138:811.111](075.8) | ||
| 920 | _a83-85366-29-6 | ||
| 942 | _cKS | ||
| 008 | s pl f |000 0 pol | ||
| 999 |
_c33007 _d33007 |
||
| 856 |
_uhttp://koha.tu.koszalin.pl/cgi-bin/koha/opac-detail.pl?biblionumber=33007 _yKatalog online BPK |
||